<?xml version="1.0" encoding="UTF-8"?>
<record
    xmlns:xsi="http://www.w3.org/2001/XMLSchema-instance"
    xsi:schemaLocation="http://www.loc.gov/MARC21/slim http://www.loc.gov/standards/marcxml/schema/MARC21slim.xsd"
    xmlns="http://www.loc.gov/MARC21/slim">

  <leader>00799cam a2200265 i 4500</leader>
  <controlfield tag="001">1129322</controlfield>
  <controlfield tag="003">YEEZEN</controlfield>
  <controlfield tag="005">20241104104322.0</controlfield>
  <controlfield tag="008">240423s2022    ch a   g      000 e chi d</controlfield>
  <datafield tag="020" ind1=" " ind2=" ">
    <subfield code="a">9786269695591</subfield>
    <subfield code="q">(&#x5E73;&#x88DD;) :</subfield>
    <subfield code="c">NT$450</subfield>
  </datafield>
  <datafield tag="040" ind1=" " ind2=" ">
    <subfield code="a">PTTCL</subfield>
    <subfield code="b">chi</subfield>
    <subfield code="c">PTTCL</subfield>
  </datafield>
  <datafield tag="042" ind1=" " ind2=" ">
    <subfield code="a">nbic</subfield>
  </datafield>
  <datafield tag="084" ind1=" " ind2=" ">
    <subfield code="a">863.55</subfield>
    <subfield code="2">ncsclt</subfield>
  </datafield>
  <datafield tag="090" ind1=" " ind2=" ">
    <subfield code="a">863.55</subfield>
  </datafield>
  <datafield tag="100" ind1="1" ind2=" ">
    <subfield code="a">Su, Peter.</subfield>
  </datafield>
  <datafield tag="245" ind1="1" ind2="0">
    <subfield code="a">&#x5206;&#x958B;&#x4E4B;&#x524D;, &#x5148;&#x5B78;&#x6703;&#x9053;&#x5225; /</subfield>
    <subfield code="c">Peter Su&#x8457;</subfield>
  </datafield>
  <datafield tag="246" ind1="1" ind2=" ">
    <subfield code="i">&#x5C01;&#x9762;&#x526F;&#x984C;&#x540D; :</subfield>
    <subfield code="a">&#x62C9;&#x9054;&#x514B;, &#x672A;&#x5B8C;&#x6210;&#x7684;&#x6545;&#x4E8B;&#x96C6;I.</subfield>
  </datafield>
  <datafield tag="246" ind1="1" ind2=" ">
    <subfield code="i">&#x5C01;&#x9762;&#x82F1;&#x6587;&#x984C;&#x540D; :</subfield>
    <subfield code="a">Before we say goodbye : Ladakh I. Unfinished tales.</subfield>
  </datafield>
  <datafield tag="250" ind1=" " ind2=" ">
    <subfield code="a">&#x521D;&#x7248;</subfield>
  </datafield>
  <datafield tag="260" ind1=" " ind2=" ">
    <subfield code="a">&#x81FA;&#x5317;&#x5E02; :</subfield>
    <subfield code="b">&#x662F;&#x65E5;&#x5275;&#x610F;&#x6587;&#x5316;,</subfield>
    <subfield code="c">2024.04</subfield>
  </datafield>
  <datafield tag="300" ind1=" " ind2=" ">
    <subfield code="a">221 &#x9762; :</subfield>
    <subfield code="b">&#x5F69;&#x5716; ;</subfield>
    <subfield code="c">22 &#x516C;&#x5206;</subfield>
  </datafield>
  <datafield tag="500" ind1=" " ind2=" ">
    <subfield code="a">&#x8457;&#x8005;&#x672C;&#x540D;&#x8607;&#x4E16;&#x8C6A;</subfield>
  </datafield>
  <datafield tag="700" ind1="1" ind2=" ">
    <subfield code="a">&#x8607;&#x4E16;&#x8C6A;</subfield>
  </datafield>
  <datafield tag="942" ind1=" " ind2=" ">
    <subfield code="2">ccl</subfield>
    <subfield code="c">BOOK</subfield>
  </datafield>
  <datafield tag="999" ind1=" " ind2=" ">
    <subfield code="c">7619</subfield>
    <subfield code="d">7619</subfield>
  </datafield>
  <datafield tag="952" ind1=" " ind2=" ">
    <subfield code="0">0</subfield>
    <subfield code="1">0</subfield>
    <subfield code="2">ccl</subfield>
    <subfield code="4">0</subfield>
    <subfield code="7">0</subfield>
    <subfield code="a">yeezen</subfield>
    <subfield code="b">yeezen</subfield>
    <subfield code="c">YEEZEN</subfield>
    <subfield code="d">2024-11-04</subfield>
    <subfield code="l">2</subfield>
    <subfield code="m">1</subfield>
    <subfield code="o">863.55</subfield>
    <subfield code="p">C03198</subfield>
    <subfield code="r">2025-01-24 00:00:00</subfield>
    <subfield code="s">2025-01-13</subfield>
    <subfield code="w">2024-11-04</subfield>
    <subfield code="y">BOOK</subfield>
    <subfield code="z">&#x751F;&#x6D3B;,&#x672C;&#x4F86;&#x5C31;&#x4E0D;&#x662F;&#x55AE;&#x4E00;&#x6A23;&#x8C8C;,&#x6211;&#x5011;&#x4E4B;&#x6240;&#x4EE5;&#x80FD;&#x6210;&#x70BA;&#x81EA;&#x5DF1;,&#x662F;&#x7531;&#x4F60;&#x6240;&#x71B1;&#x611B;&#x7684;&#x4E00;&#x5207;&#x7D44;&#x5408;&#x800C;&#x6210;&#x7684;&#x3002; &#x7121;&#x8AD6;&#x662F;&#x65C5;&#x884C;&#x3001;&#x5BEB;&#x5B57;&#x3001;&#x85DD;&#x8853;&#x9084;&#x662F;&#x6642;&#x88DD;,&#x90FD;&#x548C;&#x4ED6;&#x7684;&#x751F;&#x6D3B;&#x606F;&#x606F;&#x76F8;&#x95DC;,&#x4E5F;&#x662F;&#x4ED6;&#x5C0B;&#x627E;&#x6545;&#x4E8B;&#x9748;&#x611F;&#x7684;&#x958B;&#x7AEF;&#x3002;</subfield>
  </datafield>
</record>
